| 000 | 00802nam a22002297a 4500 | ||
|---|---|---|---|
| 005 | 20170124110037.0 | ||
| 010 | _aA-897966 | ||
| 020 |
_c750.00 _a8185419256 |
||
| 035 | _aA-897966 | ||
| 037 | _bCen Lib/Ret | ||
| 040 |
_aDPL _bEN |
||
| 082 |
_a333.95 _bBIO |
||
| 245 |
_aBiomass energy systems : _cedited by Venkata Ramana P [and] Srinivas S N _bproceedings of the international conference 26-27 February 1996 New Delhi / |
||
| 260 |
_aNew Delhi _bTata Energy Research Institute _c1997 |
||
| 270 |
_bNew Delhi _aDarbari Seth Block, Habitat Place, Lodhi Road _e110003 |
||
| 300 |
_axv,478p. : _c24cm(Hb) _bill. |
||
| 650 |
_aBiomass. _922864 |
||
| 650 |
_aBiogas. _912026 |
||
| 700 |
_aRamana P, Venkata _922849 |
||
| 700 |
_aSrinivas S N _922850 |
||
| 942 |
_2ddc _cEN _h333.95 _mBIO |
||
| 999 |
_c128258 _d128258 |
||